Piłka nożna - dwaj piłkarze - wspólny klub - Statystyki

Ogólne statystyki
  • Ten quiz został rozwiązany 485 razy
  • Średni wynik to 14 z 15
Statystyki odpowiedzi
Zawodnicy Odpowiedź % Poprawnych
Robert Lewandowski i Arjen Robben Bayern Monachium
100%
Mesut Ozil i Xabi Alonso Real Madryt
97%
Douglas Costa i Cristiano Ronaldo Juventus FC
96%
Łukasz Piszczek i Roman Burki Borussia Dortmund
94%
Willian i Thibaut Courtois Chelsea FC
94%
Zlatan Ibrahimović i Javier Zanetti Inter Mediolan
93%
Thierry Henry i Thiago Alcantara FC Barcelona
92%
Benjamin Mendy i Sergio Aguero Manchester City
92%
Keylor Navas i Fabian Ruiz PSG
90%
Pepe Reina i Philippe Coutinho Liverpool FC
89%
Thiago Silva i Andrea Pirlo AC Milan
87%
Gerard Pique i Diego Forlan Manchester United
87%
Mohamed Salah i Antonio Rudiger AS Roma
86%
Angel Di Maria i Joao Mario SL Benfica
85%
Kevin De Bruyne i Naldo VFL Wolfsburg
77%
Nie znaleziono quizów pasujących do podanych kryteriów
Rozkład punktacji
Procent ludzi z każdym wynikiem
Percentyl według liczby udzielonych odpowiedzi
Twoja historia wyników
Nie rozwiązałeś tego quizu